[Event "SVK-ch U14"]
[Site "Stara Lubovna"]
[Date "2021.07.03"]
[Round "9"]
[White "Hyza, Michal"]
[Black "Madlenak, Matus"]
[Result "1/2-1/2"]
[WhiteElo "1000"]
[BlackElo "1014"]
[PlyCount "30"]
[EventDate "2021.06.26"]
[EventType "swiss"]
[EventRounds "9"]
[EventCountry "SVK"]
[SourceTitle "CBM 203 Extra"]
[Source "ChessBase"]
[SourceDate "2021.09.30"]
[SourceVersion "1"]
[SourceVersionDate "2021.09.30"]
[SourceQuality "1"]

1. e4 e5 2. Nf3 Nc6 3. g3 Bc5 4. Nxe5 Nxe5 5. d4 Bd6 6. dxe5 Bxe5 7. Bg2 Nf6 8. 0-0 0-0 9. Nc3 Bxc3 10. bxc3 d6 11. Re1 Bg4 12. Bf3 Bxf3 13. Qxf3 Re8 14. Bb2 b5 15. Rad1 Qe7 1/2-1/2

[Event "SVK-ch U14"]
[Site "Stara Lubovna"]
[Date "2021.06.28"]
[Round "3"]
[White "Krupa, Andrej"]
[Black "Madlenak, Matus"]
[Result "1-0"]
[WhiteElo "1268"]
[BlackElo "1014"]
[PlyCount "53"]
[EventDate "2021.06.26"]
[EventType "swiss"]
[EventRounds "9"]
[EventCountry "SVK"]
[SourceTitle "CBM 203 Extra"]
[Source "ChessBase"]
[SourceDate "2021.09.30"]
[SourceVersion "1"]
[SourceVersionDate "2021.09.30"]
[SourceQuality "1"]

1. e4 e5 2. Nf3 Nc6 3. Bc4 Bc5 4. c3 d6 5. d4 exd4 6. cxd4 Bb4+ 7. Bd2 Nf6 8. Bxb4 Nxb4 9. Nc3 Bg4 10. Qa4+ Nc6 11. d5 0-0 12. dxc6 bxc6 13. Qxc6 Rb8 14. 0-0 Rxb2 15. Rab1 Rxb1 16. Rxb1 Bxf3 17. gxf3 Nh5 18. Ne2 Re8 19. Qd5 Re5 20. Qxf7+ Kh8 21. Ng3 Rg5 22. Kh1 Rc5 23. Nxh5 Rxh5 24. Qxh5 g6 25. Qd5 Kg7 26. Qg8+ Qxg8 27. Bxg8 1-0

[Event "SVK-ch U14"]
[Site "Stara Lubovna"]
[Date "2021.06.27"]
[Round "2"]
[White "Madlenak, Matus"]
[Black "Volanek, Maros"]
[Result "0-1"]
[WhiteElo "1014"]
[BlackElo "1411"]
[PlyCount "23"]
[EventDate "2021.06.26"]
[EventType "swiss"]
[EventRounds "9"]
[EventCountry "SVK"]
[SourceTitle "CBM 203 Extra"]
[Source "ChessBase"]
[SourceDate "2021.09.30"]
[SourceVersion "1"]
[SourceVersionDate "2021.09.30"]
[SourceQuality "1"]

1. e4 d5 2. f3 e5 3. Nc3 d4 4. Nce2 Nf6 5. Ng3 Be6 6. Bb5+ c6 7. Ba4 Nbd7 8. c3 Nc5 9. cxd4 Qxd4 10. Bb3 Rd8 11. N1e2 Nd3+ 12. Kf1 0-1

[Event "SVK League Cup 1st"]
[Site "Tornelo INT"]
[Date "2021.04.10"]
[Round "5"]
[White "Madlenak, Matus"]
[Black "Smetana, Peter"]
[Result "0-1"]
[WhiteElo "1014"]
[BlackElo "1629"]
[PlyCount "42"]
[EventDate "2021.03.27"]
[EventType "swiss"]
[EventRounds "8"]
[EventCountry "SVK"]
[SourceTitle "EXT 2022"]
[Source "ChessBase"]
[SourceDate "2021.10.06"]
[SourceVersion "1"]
[SourceVersionDate "2021.10.06"]
[SourceQuality "1"]

1. e4 c5 2. c3 Nf6 3. d3 Nc6 4. Bg5 d6 5. d4 cxd4 6. cxd4 Nxe4 7. Nh3 Bxh3 8. gxh3 Nxg5 9. d5 Nb8 10. Bb5+ Nd7 11. Nd2 h6 12. h4 Nh7 13. Rc1 a6 14. Bxd7+ Qxd7 15. Rg1 b5 16. Rg4 Nf6 17. Rg3 g6 18. Rgc3 Nxd5 19. R3c2 Nb4 20. Rc3 Bg7 21. Qf3 0-0 0-1

[Event "SVK League Cup 1st"]
[Site "Tornelo INT"]
[Date "2021.03.28"]
[Round "2"]
[White "Kolek, Stefan"]
[Black "Madlenak, Matus"]
[Result "0-1"]
[WhiteElo "1518"]
[BlackElo "1014"]
[PlyCount "28"]
[EventDate "2021.03.27"]
[EventType "swiss"]
[EventRounds "8"]
[EventCountry "SVK"]
[SourceTitle "EXT 2022"]
[Source "ChessBase"]
[SourceDate "2021.10.06"]
[SourceVersion "1"]
[SourceVersionDate "2021.10.06"]
[SourceQuality "1"]

1. e4 e5 2. Nf3 Nc6 3. Bb5 a6 4. Ba4 b5 5. Bb3 Nf6 6. 0-0 Nxe4 7. d4 exd4 8. Nxd4 Nxd4 9. Qxd4 Bb7 10. Re1 Bd6 11. f3 0-0 12. fxe4 Re8 13. c3 Qh4 14. e5 Qxe1# 0-1

[Event "SVK League Cup 1st"]
[Site "Tornelo INT"]
[Date "2021.03.27"]
[Round "1"]
[White "Madlenak, Matus"]
[Black "Ciglian, Michal"]
[Result "0-1"]
[WhiteElo "1014"]
[BlackElo "1746"]
[PlyCount "64"]
[EventDate "2021.03.27"]
[EventType "swiss"]
[EventRounds "8"]
[EventCountry "SVK"]
[SourceTitle "EXT 2022"]
[Source "ChessBase"]
[SourceDate "2021.10.06"]
[SourceVersion "1"]
[SourceVersionDate "2021.10.06"]
[SourceQuality "1"]

1. e4 e5 2. Nf3 Nc6 3. Nc3 Bc5 4. Bc4 d6 5. 0-0 Be6 6. Nd5 Qd7 7. c3 Nge7 8. d4 exd4 9. cxd4 Bb6 10. b3 Bg4 11. h3 Bh5 12. e5 dxe5 13. dxe5 0-0 14. Nxe7+ Qxe7 15. Bg5 Qe8 16. e6 fxe6 17. Re1 Bf7 18. Ne5 Nxe5 19. Rxe5 h6 20. Bf6 gxf6 21. Qg4+ Kh7 22. Bd3+ f5 23. Bxf5+ exf5 24. Qxf5+ Bg6 25. Qg4 Qxe5 26. Rd1 Bxf2+ 27. Kh1 Qg7 28. Rd7 Rf7 29. Rd2 Be3 30. Re2 Bf4 31. h4 Qa1+ 32. Re1 Qxe1# 0-1

[Event "SVK-ch U12"]
[Site "Lubovna"]
[Date "2020.08.18"]
[Round "5"]
[White "Madlenak, Matus"]
[Black "Petrus, Daniel"]
[Result "0-1"]
[WhiteElo "1000"]
[BlackElo "1383"]
[PlyCount "104"]
[EventDate "2020.08.15"]
[EventType "swiss"]
[EventRounds "9"]
[EventCountry "SVK"]
[SourceTitle "EXT 2021"]
[Source "ChessBase"]
[SourceDate "2020.10.23"]
[SourceVersion "1"]
[SourceVersionDate "2020.10.23"]
[SourceQuality "1"]

1. e4 e5 2. Nf3 Nf6 3. Nc3 Nc6 4. Bc4 Nxe4 5. Nxe4 d5 6. d3 dxc4 7. dxc4 Qxd1+ 8. Kxd1 Bg4 9. h3 Bxf3+ 10. gxf3 0-0-0+ 11. Bd2 Nd4 12. Bg5 f6 13. Be3 Nb3+ 14. Ke2 Nxa1 15. Rxa1 h6 16. f4 exf4 17. Bxf4 Bd6 18. Bxd6 cxd6 19. c5 dxc5 20. Nxc5 Rhe8+ 21. Kf1 Rd2 22. Nb3 Rxc2 23. Rd1 Rxb2 24. Nc5 Rd8 25. Re1 b6 26. Ne6 Rdd2 27. Rc1+ Rdc2 28. Rd1 Rxf2+ 29. Kg1 Rg2+ 30. Kh1 Rgd2 31. Rc1+ Rbc2 32. Rb1 Rxa2 33. Rc1+ Rac2 34. Rb1 Kb7 35. h4 Rh2+ 36. Kg1 Rxh4 37. Nd8+ Kc8 38. Ne6 Rhc4 39. Rd1 Rc1 40. Rxc1 Rxc1+ 41. Kf2 a5 42. Nd4 a4 43. Ne2 Rc2 44. Ke3 Rxe2+ 45. Kxe2 a3 46. Ke3 a2 47. Kf4 a1Q 48. Kg4 Qf1 49. Kh5 Qg1 50. Kh4 g6 51. Kh3 f5 52. Kh4 Qg4# 0-1

[Event "SVK-ch U12"]
[Site "Liptovsky Mikulas"]
[Date "2019.04.29"]
[Round "8"]
[White "Pivoda, Szabolcs"]
[Black "Madlenak, Matus"]
[Result "1-0"]
[WhiteElo "1012"]
[BlackElo "1000"]
[PlyCount "37"]
[EventDate "2019.04.23"]
[EventType "swiss"]
[EventRounds "9"]
[EventCountry "SVK"]
[SourceTitle "CBM 190 Extra"]
[Source "ChessBase"]
[SourceDate "2019.07.15"]
[SourceVersion "1"]
[SourceVersionDate "2019.07.15"]
[SourceQuality "1"]

1. e4 e5 2. Nf3 Nc6 3. Bc4 Nf6 4. Nc3 Bc5 5. d3 0-0 6. Be3 d6 7. 0-0 Bxe3 8. fxe3 Bg4 9. Qe1 Bxf3 10. Rxf3 Ng4 11. Qg3 Qg5 12. Qh3 Nb4 13. Raf1 Nh6 14. Rg3 Qe7 15. Qxh6 g6 16. Rh3 Qh4 17. Rxh4 Rfe8 18. Qxh7+ Kf8 19. Qxf7# 1-0